000 00705nam a22002057a 4500
003 OSt
005 20110718134506.0
008 100401t xxu||||| |||| 00| 0 eng d
020 _a9966001395
040 _aNEGST Library - Kenya
_cNEGST Library - Kenya
_dNEGST Library - Kenya
050 1 4 _aBS 325.D54
_b2007
245 _aChilagane Chiphya :
_bInjili Takatifu.
260 _aNairobi, Kenya :
_bBTL(E.A.) in cooperation with the Bible League,
_cc2007.
300 _a557 p :
_b1 map ;
_c22 cm.
500 _aT.p. verso: "The New Testament in the Digo language of Kenya."
500 _a[Africana].
630 _aBible. N.T. Digo. 2007.
_92862
650 _aDigo language
_xTexts.
_92863
942 _2lcc
_cBK
999 _c45314
_d45288